000 00857nam a2200253Ia 4500
003 OSt
005 20220923211225.0
006 a|||||r|||| 00| 0
007 ta
008 220922b |||||||| |||| 00| 0 hin d
020 _a9788170287278 (hbk)
_c175
024 _a233,431
037 _b448, 19/03/2008, Swaraj Prakashan
_cTextual
040 _aARTS
_cARTS
_bhin
041 _2hin
_ahin
082 _aO111,3N06x, 152P8
100 _aनारायण, आर. के.
_9159937
245 0 _aमालगुडी की कहानियॉं
246 _aMālaguḍī kī kahāniyaॉan
260 _aदिल्ली
_b राजपाल
_c2008
300 _a247पृ.
_ccm.
942 _hO111,3N06x, 152P8
_cTEXL
_2CC
999 _c297222
_d297222